Normal view
MARC view
Entry Personal Name
001 - CONTROL NUMBER
- control field: 70455
003 - CONTROL NUMBER IDENTIFIER
- control field: dpl
005 - DATE AND TIME OF LATEST TRANSACTION
- control field: 20240823104531.0
008 - FIXED-LENGTH DATA ELEMENTS
- fixed length control field: 240823|| aca||aabn | a|a d
040 ## - CATALOGING SOURCE
- Original cataloging agency: dpl
- Transcribing agency: dpl
100 ## - HEADING--PERSONAL NAME
- Personal name: Egorov, A.D
670 ## - SOURCE DATA FOUND
- Source citation: Work cat.: (dpl)205219: Egorov, A.D., The Emergence:, 2016
